La junta para la corrección de las Leyes Indias
Saved in:
| 主要作者: | |
|---|---|
| 格式: | 圖書 |
| 語言: | 西班牙语 |
| 出版: |
Madrid
Instituto Nacional de Estudios Jurídicos
1962
|
| 主題: | |
| 標簽: |
添加標簽
沒有標簽, 成為第一個標記此記錄!
|
MARC
| LEADER | 00000nam a2200000 a 4500 | ||
|---|---|---|---|
| 001 | UCW9715 | ||
| 003 | CL-VaPUC | ||
| 008 | 890613e19620000SP |||||||||||||||||spa|d | ||
| 082 | 0 | 4 | |a 349.8 |b HER |2 21 |
| 100 | |a Hera, Alberto de la |e author |9 616426 | ||
| 245 | 1 | 3 | |a La junta para la corrección de las Leyes Indias |
| 300 | |a 14 p | ||
| 942 | |c BK | ||
| 945 | |d 19890613 00:00:00 | ||
| 260 | |a Madrid |b Instituto Nacional de Estudios Jurídicos |c 1962 | ||
| 500 | |a Separata del nuario de Historia del Derecho Españl, 1962 | ||
| 650 | 0 | |a Leyes de Indias |9 315099 | |
| 650 | 0 | |a Derecho colonial |9 315100 | |
| 583 | |a last modification |c 19890613 00:00:00 |k Rodrigo Vera | ||
| 999 | |c 221618 |d 221616 | ||
| 952 | |0 0 |1 0 |4 0 |6 349_800000000000000_HER_1962 |7 0 |8 A |9 215262 |a BIBHIS |b BIBHIS |d 2019-11-15 |i 2836998 |o 349.8 HER 1962 |p 2836998 |r 2025-01-20 |w 2019-11-15 |y BK |k HIS | ||